000
002470000a22001330004500
003
MACL
040
_a
MACL
090
_c
8871
_d
8870
100
_a
Vasu, E
245
_a
Son Of The Nation
260
_b
Tarjuma
_c
2007
350
_a
823
942
_c
BOOK
999
_c
8816
_d
8816